000 00291nam a2200133Ia 4500
100 _aPressman Roger.S
942 _cBK
654 _asoftware
245 _aSoftware Engineering 3rd ed
260 _bMc Graw Hill
_aNew York
_c1992
082 _a5.1
_bPRE
300 _a793
546 _aENGLISH
999 _c26017
_d26017